Laddar...

KERALODAYAM

Bibliografiska uppgifter
Huvudupphovsman: EZHUTHACHAN,K.N
Materialtyp: Printed Book
Publicerad: T DEPARTMENT OF CULTURAL PUBLICATION 1992
Ämnen:
LEADER 00458nam a2200169 4500
020
082 |a 891.21 EZH 
100 |a EZHUTHACHAN,K.N. 
245 |a KERALODAYAM  |h MALAYALAM 
250
260 |a T  |b DEPARTMENT OF CULTURAL PUBLICATION  |c 1992 
300 |a 403 p  |f HB 
650 |a KERALODAYAM 
700
942 |c TB 
999 |c 156178  |d 156178 
952 |0 0  |1 0  |4 0  |6 891_210000000000000_EZH  |7 0  |9 169635  |a ORI  |b ORI  |l 0  |o 891.21 EZH  |p ORI4799  |r 2019-10-25  |w 2019-10-25  |y TB